| 000 | 00337nam a22001337a 4500 | ||
|---|---|---|---|
| 040 | _cNUST | ||
| 082 |
_a005.133 _bDOO |
||
| 100 |
_aDooley, John _9118623 |
||
| 245 |
_aSoftware Development and Professional Practice / _cJohn Dooley |
||
| 260 |
_aUnited States : _bApress ; _c2011. |
||
| 300 | _a242p. | ||
| 521 | _bHB | ||
| 942 |
_2ddc _cBK |
||
| 999 |
_c606806 _d606806 |
||